000 00260nam a2200109Ia 4500
008 220204s9999 xx 000 0 und d
082 _a82-3
_bSOL
100 _aSolzhenitsyn, Alexander
245 0 _aCancer ward
260 _aNew York
_bBantam
_c1977
942 _cBK
999 _c38562
_d38562